[Event "Amager-ch"]
[Site "Amager"]
[Date "2015.09.08"]
[Round "4"]
[White "Skovgaard, Ib"]
[Black "Hellegaard, Dennis"]
[Result "0-1"]
[WhiteElo "1978"]
[BlackElo "1859"]
[PlyCount "158"]
[EventDate "2015.08.18"]
[EventType "swiss"]
[EventRounds "7"]
[EventCountry "DEN"]
[SourceTitle "EXT 2023"]
[Source "ChessBase"]
[SourceDate "2022.10.05"]
[SourceVersion "1"]
[SourceVersionDate "2022.10.05"]
[SourceQuality "1"]

1. e4 Nf6 2. e5 Nd5 3. d4 d6 4. c4 Nb6 5. exd6 exd6 6. Ne2 Nc6 7. Ng3 Be7 8. b3 0-0 9. Bb2 d5 10. c5 Nd7 11. Be2 b6 12. Bf3 Nf6 13. 0-0 Be6 14. Nd2 Ne8 15. Nc4 bxc5 16. dxc5 dxc4 17. Bxc6 Qxd1 18. Rfxd1 Rb8 19. Bd4 Bf6 20. Bxe8 Rfxe8 21. Bxf6 gxf6 22. Nh5 Re7 23. Rac1 cxb3 24. axb3 c6 25. Rc3 Reb7 26. Rcd3 Kf8 27. Nxf6 Ke7 28. Ne4 Rxb3 29. Rxb3 Rxb3 30. Ra1 Rb7 31. Nd6 Rc7 32. f4 Bd7 33. Kf2 Ke6 34. Re1+ Kd5 35. Re5+ Kd4 36. Rh5 Be6 37. f5 Bd5 38. f6 Kxc5 39. Ne4+ Kb4 40. Rxh7 a5 41. Rh8 a4 42. Rb8+ Kc4 43. Nd2+ Kd3 44. Nb1 c5 45. Rd8 Kd4 46. Na3 Ke5 47. Nb5 Rb7 48. Nc3 Bb3 49. Re8+ Kf5 50. Re7 Rb4 51. Rc7 Rc4 52. Nb5 Rc2+ 53. Ke3 Kxf6 54. g4 Be6 55. h3 a3 56. g5+ Kxg5 57. Nxa3 Rc3+ 58. Ke4 Rxa3 59. Rxc5+ Kh4 60. Kf4 Kxh3 61. Rh5+ Kg2 62. Rg5+ Kf2 63. Rc5 Ra4+ 64. Kg5 Ke3 65. Rc3+ Ke4 66. Rc5 Bd5 67. Rb5 f5 68. Rb8 f4 69. Rf8 Ke3 70. Rf5 Bg2 71. Kh4 Be4 72. Rf8 f3 73. Kg3 Ra2 74. Rb8 Rg2+ 75. Kh3 Bf5+ 76. Kh4 f2 77. Rb3+ Kf4 78. Rb4+ Be4 79. Kh3 f1Q 0-1

[Event "Amager-ch"]
[Site "Amager"]
[Date "2015.08.25"]
[Round "2"]
[White "Pedersen, Ole2222"]
[Black "Hellegaard, Dennis"]
[Result "0-1"]
[WhiteElo "1439"]
[BlackElo "1859"]
[PlyCount "40"]
[EventDate "2015.08.18"]
[EventType "swiss"]
[EventRounds "7"]
[EventCountry "DEN"]
[SourceTitle "EXT 2023"]
[Source "ChessBase"]
[SourceDate "2022.10.05"]
[SourceVersion "1"]
[SourceVersionDate "2022.10.05"]
[SourceQuality "1"]

1. e4 Nf6 2. e5 Nd5 3. d4 d6 4. c4 Nb6 5. exd6 exd6 6. Nc3 Nc6 7. Nf3 Bg4 8. b3 Be7 9. Be2 0-0 10. 0-0 d5 11. c5 Nc8 12. Bf4 a6 13. a3 Bf6 14. Ne5 Bxe2 15. Nxe2 N8e7 16. Qd3 Re8 17. Bg3 g6 18. Qf3 Nf5 19. Nc3 Nfxd4 20. Qxd5 Nxe5 0-1

[Event "Amager-ch"]
[Site "Amager"]
[Date "2015.08.18"]
[Round "1"]
[White "Hellegaard, Dennis"]
[Black "Kibenich, Mikael"]
[Result "1-0"]
[WhiteElo "1859"]
[BlackElo "1461"]
[PlyCount "71"]
[EventDate "2015.08.18"]
[EventType "swiss"]
[EventRounds "7"]
[EventCountry "DEN"]
[SourceTitle "EXT 2023"]
[Source "ChessBase"]
[SourceDate "2022.10.05"]
[SourceVersion "1"]
[SourceVersionDate "2022.10.05"]
[SourceQuality "1"]

1. d4 d5 2. c4 e6 3. Nf3 Nf6 4. e3 Be7 5. b3 0-0 6. Bd3 c6 7. 0-0 Nbd7 8. Qc2 Qc7 9. Bb2 Re8 10. Nbd2 Nf8 11. e4 dxe4 12. Nxe4 Rd8 13. Rad1 Ng6 14. Rfe1 Nf4 15. Bf1 Nxe4 16. Qxe4 Bf6 17. Ne5 Ng6 18. Bd3 b6 19. h4 Bb7 20. Nxg6 hxg6 21. h5 c5 22. Qg4 gxh5 23. Qxh5 Rxd4 24. Bxd4 Bxd4 25. Be4 Rd8 26. Qf3 Bc8 27. Rd3 Kf8 28. Qh5 Qf4 29. Rf3 Qc7 30. g4 e5 31. Bd5 Rd7 32. Qh8+ Ke7 33. Qxg7 Ke8 34. Qg8+ Ke7 35. Qxf7+ Kd6 36. Qe6# 1-0

[Event "Bronshoj-ch B"]
[Site "Bronshoj"]
[Date "2015.??.??"]
[Round "5"]
[White "Gustafsson, Magnus"]
[Black "Hellegaard, Dennis"]
[Result "0-1"]
[WhiteElo "1887"]
[BlackElo "1960"]
[PlyCount "62"]
[EventDate "2015.03.05"]
[EventType "tourn"]
[EventRounds "9"]
[EventCountry "DEN"]
[SourceTitle "EXT 2024"]
[Source "ChessBase"]
[SourceDate "2023.10.10"]
[SourceVersion "1"]
[SourceVersionDate "2023.10.10"]
[SourceQuality "1"]

1. e4 Nf6 2. e5 Nd5 3. d4 d6 4. Nf3 dxe5 5. dxe5 Bg4 6. Be2 e6 7. 0-0 Be7 8. Nd4 Bxe2 9. Qxe2 Bc5 10. Rd1 Qe7 11. c4 Nb4 12. Nc3 N4c6 13. Nf3 h6 14. Bf4 Nd7 15. a3 g5 16. Bg3 h5 17. b4 g4 18. bxc5 gxf3 19. Qxf3 0-0-0 20. Rab1 h4 21. Bf4 Qxc5 22. Ne4 Qxc4 23. Qe3 Ndxe5 24. Ng5 Nd3 25. Nh3 Nxf4 26. Nxf4 Rxd1+ 27. Rxd1 Rd8 28. Rb1 Rd4 29. Rc1 Qa4 30. Nd3 Qxa3 31. Rd1 Qd6 0-1

[Event "Valby K41 Spring-C"]
[Site "Valby"]
[Date "2011.05.03"]
[Round "6"]
[White "Kokholm, Daniel"]
[Black "Hellegaard, Dennis"]
[Result "0-1"]
[WhiteElo "1878"]
[BlackElo "1835"]
[PlyCount "94"]
[EventDate "2011.03.15"]
[EventType "tourn"]
[EventRounds "7"]
[EventCountry "DEN"]
[SourceTitle "EXT 2023"]
[Source "ChessBase"]
[SourceDate "2022.10.05"]
[SourceVersion "1"]
[SourceVersionDate "2022.10.05"]
[SourceQuality "1"]

1. d4 Nf6 2. Nc3 c5 3. d5 e5 4. e4 d6 5. f4 Bg4 6. Qd3 exf4 7. Bxf4 Nbd7 8. h3 Bh5 9. g4 Bg6 10. 0-0-0 Be7 11. Be2 0-0 12. h4 h5 13. g5 Ne8 14. Nh3 a6 15. Bh2 b5 16. Rdf1 c4 17. Qe3 b4 18. Nd1 b3 19. cxb3 cxb3 20. a3 Qc8+ 21. Nc3 Nc5 22. Bf3 Qxh3 23. Bxd6 Qxf1+ 24. Rxf1 Bxd6 25. Kd2 Nc7 26. Re1 Rfe8 27. Kd1 Re5 28. Qd4 Rae8 29. a4 R8e7 30. Re2 Ne8 31. Bg2 f6 32. gxf6 Nxf6 33. Bh3 Nfxe4 34. Be6+ Nxe6 35. dxe6 Nxc3+ 36. Qxc3 Bc2+ 37. Ke1 Rxe2+ 38. Kxe2 Rxe6+ 39. Kf2 Kh7 40. Qc8 Rf6+ 41. Ke2 Be5 42. Qe8 Bxb2 43. Qxh5+ Rh6 44. Qa5 Bf6 45. Kd2 Bxh4 46. Qc5 Bf6 47. Qd5 Rh2+ 0-1

[Event "Valby K41 Spring-C"]
[Site "Valby"]
[Date "2011.03.29"]
[Round "3"]
[White "Hellegaard, Dennis"]
[Black "Sorensen, Dick"]
[Result "1/2-1/2"]
[WhiteElo "1835"]
[BlackElo "1816"]
[PlyCount "44"]
[EventDate "2011.03.15"]
[EventType "tourn"]
[EventRounds "7"]
[EventCountry "DEN"]
[SourceTitle "EXT 2023"]
[Source "ChessBase"]
[SourceDate "2022.10.05"]
[SourceVersion "1"]
[SourceVersionDate "2022.10.05"]
[SourceQuality "1"]

1. d4 Nf6 2. c4 g6 3. Nc3 Bg7 4. e4 d6 5. Be2 0-0 6. Nf3 c6 7. Bg5 a6 8. 0-0 b5 9. a3 Bb7 10. Nd2 Nbd7 11. Qc2 h6 12. Be3 e5 13. Rfd1 Qe7 14. Rac1 Rac8 15. b3 Rfd8 16. dxe5 dxe5 17. Qb2 Nc5 18. Bxc5 Qxc5 19. b4 Qe7 20. c5 Rc7 21. Nf3 Rcd7 22. Rxd7 Rxd7 1/2-1/2

[Event "Hillerod NSU op"]
[Site "Hillerod"]
[Date "2009.01.04"]
[Round "5"]
[White "Hellegaard, Dennis"]
[Black "Ostergaard, Jens"]
[Result "0-1"]
[WhiteElo "1940"]
[BlackElo "2226"]
[PlyCount "48"]
[EventDate "2009.01.02"]
[EventType "swiss"]
[EventRounds "5"]
[EventCountry "DEN"]
[SourceTitle "EXT 2018"]
[Source "ChessBase"]
[SourceDate "2017.10.13"]
[SourceVersion "1"]
[SourceVersionDate "2017.10.13"]
[SourceQuality "1"]

1. d4 Nf6 2. c4 e6 3. Nf3 b6 4. g3 Bb7 5. Bg2 Be7 6. Nc3 Ne4 7. Qd3 Nxc3 8. Qxc3 0-0 9. 0-0 f5 10. Be3 Bf6 11. Rac1 Qe7 12. Qd2 a5 13. Rfd1 d6 14. Bg5 Nd7 15. Qe3 Rfe8 16. Bxf6 Nxf6 17. c5 bxc5 18. dxc5 Bd5 19. cxd6 cxd6 20. Qa3 Qb7 21. Qxd6 Qxb2 22. Nd4 Rad8 23. Qc7 Bxg2 24. Rc2 Qb7 0-1

[Event "Hillerod NSU op"]
[Site "Hillerod"]
[Date "2009.01.03"]
[Round "3"]
[White "Hellegaard, Dennis"]
[Black "Kristensen, Kaare Hove"]
[Result "1/2-1/2"]
[WhiteElo "1940"]
[BlackElo "2215"]
[PlyCount "66"]
[EventDate "2009.01.02"]
[EventType "swiss"]
[EventRounds "5"]
[EventCountry "DEN"]
[SourceTitle "EXT 2018"]
[Source "ChessBase"]
[SourceDate "2017.10.13"]
[SourceVersion "1"]
[SourceVersionDate "2017.10.13"]
[SourceQuality "1"]

1. d4 d5 2. c4 e6 3. Nf3 c5 4. e3 Nf6 5. Nc3 Nc6 6. a3 a6 7. dxc5 Bxc5 8. b4 Ba7 9. Bb2 0-0 10. Bd3 Qe7 11. 0-0 dxc4 12. Bxc4 b5 13. Bb3 Bb7 14. Qe2 Rac8 15. Rfd1 Bb8 16. Rac1 Nxb4 17. axb4 Qxb4 18. Bc2 Bxf3 19. gxf3 Qh4 20. f4 Ng4 21. f3 Nxe3 22. Qxe3 Bxf4 23. Qf2 Qxf2+ 24. Kxf2 Rc7 25. Ne2 Bxc1 26. Rxc1 Rfc8 27. Be4 Rxc1 28. Bxc1 a5 29. Be3 b4 30. Nd4 Rb8 31. Nc6 Rb5 32. Bd3 Rh5 33. Bb6 Rxh2+ 1/2-1/2

[Event "Hillerod NSU op"]
[Site "Hillerod"]
[Date "2009.01.02"]
[Round "1"]
[White "Christensen, Esben"]
[Black "Hellegaard, Dennis"]
[Result "0-1"]
[WhiteElo "1990"]
[BlackElo "1940"]
[PlyCount "104"]
[EventDate "2009.01.02"]
[EventType "swiss"]
[EventRounds "5"]
[EventCountry "DEN"]
[SourceTitle "EXT 2018"]
[Source "ChessBase"]
[SourceDate "2017.10.13"]
[SourceVersion "1"]
[SourceVersionDate "2017.10.13"]
[SourceQuality "1"]

1. e4 c5 2. Nf3 d6 3. d4 cxd4 4. Nxd4 Nf6 5. Nc3 a6 6. f4 b5 7. a3 Bb7 8. Bd3 Nbd7 9. 0-0 e6 10. Nb3 Rc8 11. Qe1 Be7 12. h3 Nb6 13. Na5 Ba8 14. e5 Nfd5 15. Ne4 Nc4 16. Nxc4 bxc4 17. Be2 dxe5 18. fxe5 0-0 19. Qg3 f5 20. exf6 Nxf6 21. Bh6 Qd4+ 22. Nf2 Nd5 23. c3 Qf6 24. Bd2 Bc5 25. Rae1 Ne7 26. Bxc4 Bd5 27. Bxa6 Rcd8 28. Bg5 Qg6 29. Bd3 Nf5 30. Qg4 h5 31. Qf4 Bxg2 32. Kxg2 Rxd3 33. Nxd3 Ne3+ 34. Rxe3 Rxf4 35. Nxf4 Qxg5+ 36. Rg3 Qe5 37. Rgf3 h4 38. b4 Bd6 39. c4 g5 40. c5 Bb8 41. Kh1 gxf4 42. Rxf4 Qd5+ 43. R4f3 Bg3 44. Kg1 Qd4+ 45. Kh1 Qb2 46. Rf8+ Kg7 47. R1f7+ Kg6 48. Kg1 Qxa3 49. Rb7 Qe3+ 50. Kf1 Qd3+ 51. Kg1 Qd1+ 52. Rf1 Qd4+ 0-1

[Event "Copenhagen-ch Obro 70th"]
[Site "Copenhagen"]
[Date "2006.10.19"]
[Round "6"]
[White "Hellegaard, Dennis"]
[Black "Schmidt, Horst Hubert"]
[Result "1-0"]
[WhiteElo "2011"]
[BlackElo "1996"]
[PlyCount "73"]
[EventDate "2006.10.14"]
[EventType "swiss"]
[EventRounds "9"]
[EventCountry "DEN"]
[SourceTitle "EXT 2007"]
[Source "ChessBase"]
[SourceDate "2006.11.23"]
[SourceVersion "1"]
[SourceVersionDate "2006.11.23"]
[SourceQuality "1"]

1. d4 Nf6 2. c4 g6 3. Nc3 d5 4. cxd5 Nxd5 5. e4 Nxc3 6. bxc3 Bg7 7. Bc4 e6 8. Be3 0-0 9. Ne2 b6 10. 0-0 Bb7 11. Qc2 Nd7 12. Rab1 Qe7 13. Rfe1 c5 14. f3 cxd4 15. cxd4 Rac8 16. Qb3 Rc7 17. a4 Rfc8 18. Bb5 Nb8 19. Bf4 e5 20. Bg3 a6 21. Bd3 Nd7 22. Red1 h5 23. d5 Bh6 24. Bf2 Nc5 25. Qxb6 Nxa4 26. Qa5 Nc3 27. Nxc3 Rxc3 28. Bxa6 Bxa6 29. Qxa6 Qd8 30. Qb5 Qg5 31. d6 Rc1 32. d7 Rxd1+ 33. Rxd1 Rc1 34. Qb8+ Bf8 35. d8Q Qh6 36. Qxe5 Kh7 37. Qb2 1-0

[Event "Copenhagen-ch Obro 70th"]
[Site "Copenhagen"]
[Date "2006.10.18"]
[Round "5"]
[White "Mikkelsen, Nikolaj"]
[Black "Hellegaard, Dennis"]
[Result "1-0"]
[WhiteElo "2260"]
[BlackElo "2011"]
[PlyCount "47"]
[EventDate "2006.10.14"]
[EventType "swiss"]
[EventRounds "9"]
[EventCountry "DEN"]
[SourceTitle "EXT 2007"]
[Source "ChessBase"]
[SourceDate "2006.11.23"]
[SourceVersion "1"]
[SourceVersionDate "2006.11.23"]
[SourceQuality "1"]

1. e4 c5 2. Nf3 e6 3. d4 cxd4 4. Nxd4 Nf6 5. Nc3 Nc6 6. Ndb5 d6 7. Bf4 e5 8. Bg5 a6 9. Na3 b5 10. Bxf6 gxf6 11. Nd5 Bg7 12. Bd3 Be6 13. 0-0 Na5 14. Qf3 Rc8 15. Rfd1 Nb7 16. b4 h5 17. h3 Rg8 18. c4 a5 19. Nxb5 axb4 20. Nxb4 Bxc4 21. Bxc4 Rxc4 22. Rab1 Qa5 23. Nd5 Qd8 24. Na3 1-0

[Event "Copenhagen-ch Obro 70th"]
[Site "Copenhagen"]
[Date "2006.10.15"]
[Round "2"]
[White "Hellegaard, Dennis"]
[Black "Aagaard, Kasper"]
[Result "1/2-1/2"]
[WhiteElo "2011"]
[BlackElo "1947"]
[PlyCount "62"]
[EventDate "2006.10.14"]
[EventType "swiss"]
[EventRounds "9"]
[EventCountry "DEN"]
[SourceTitle "EXT 2007"]
[Source "ChessBase"]
[SourceDate "2006.11.23"]
[SourceVersion "1"]
[SourceVersionDate "2006.11.23"]
[SourceQuality "1"]

1. d4 Nf6 2. c4 c5 3. d5 b5 4. cxb5 a6 5. bxa6 g6 6. Nc3 Bxa6 7. g3 d6 8. Bg2 Bg7 9. Nh3 Nbd7 10. Nf4 0-0 11. 0-0 Nb6 12. Qc2 Nfd7 13. b3 Ra7 14. Bb2 Ne5 15. h4 Qb8 16. Be4 Rb7 17. h5 Nbc4 18. hxg6 hxg6 19. Bc1 Na5 20. Kg2 c4 21. Rh1 Qc7 22. b4 Rxb4 23. Bd2 Rfb8 24. Na4 c3 25. Rac1 Qd7 26. Nxc3 Rb2 27. Qd1 Nac4 28. Be1 Ng4 29. Qa4 Qxa4 30. Nxa4 Rxa2 31. Nc3 Ra3 1/2-1/2

[Event "North Sea Cup 20th"]
[Site "Esbjerg"]
[Date "2005.07.02"]
[Round "1"]
[White "Shkapenko, Pavel"]
[Black "Hellegaard, Dennis"]
[Result "1-0"]
[WhiteElo "2359"]
[BlackElo "2004"]
[PlyCount "59"]
[EventDate "2005.07.02"]
[EventType "swiss"]
[EventRounds "9"]
[EventCountry "DEN"]
[SourceTitle "CBM 107 Extra"]
[Source "ChessBase"]
[SourceDate "2005.09.01"]
[SourceVersion "1"]
[SourceVersionDate "2005.09.01"]
[SourceQuality "1"]

1. e4 d5 2. exd5 Nf6 3. Bb5+ Bd7 4. Be2 Nxd5 5. d4 g6 6. c4 Nf6 7. h3 Bg7 8. Nf3 c6 9. 0-0 0-0 10. Nc3 Na6 11. Re1 Re8 12. Bf1 Nc7 13. Bf4 Rb8 14. Rc1 b6 15. Ne5 Rb7 16. Bh2 a6 17. Qf3 Ne6 18. Red1 Bh6 19. Rc2 Ng5 20. Qg3 b5 21. Qh4 Bf5 22. Re2 Nh5 23. Ng4 Kg7 24. Nxh6 Kxh6 25. Kh1 f6 26. f4 b4 27. Na4 Rd7 28. fxg5+ fxg5 29. Qf2 Nf6 30. Nc5 1-0